| 000 | 00437nam a2200145Ia 4500 | ||
|---|---|---|---|
| 008 | 230917s9999||||xx |||||||||||||| ||und|| | ||
| 040 |
_e162938 _aMAIN |
||
| 041 | _aEnglish | ||
| 082 | _a891.431721 SR19L | ||
| 100 | _aसहाय, रधुवीर | ||
| 245 | 0 | _aलोग भूल गये है | |
| 260 |
_aनई दिल्ली _bराजकमल प्रकाशन _c1982 |
||
| 300 | _a102पृ. p. | ||
| 942 | _cHN | ||
| 999 |
_c154703 _d154703 |
||